header

Study methods and reading techniques / (Record no. 265816)

MARC details
000 -LEADER
fixed length control field 01260pam a2200361 a 4500
001 - CONTROL NUMBER
control field 4888284
003 - CONTROL NUMBER IDENTIFIER
control field OSt
005 - DATE AND TIME OF LATEST TRANSACTION
control field 20260130132622.0
008 - FIXED-LENGTH DATA ELEMENTS--GENERAL INFORMATION
fixed length control field 931001s1994 mnua b 001 0 eng
010 ## - LIBRARY OF CONGRESS CONTROL NUMBER
LC control number 93023612
020 ## - INTERNATIONAL STANDARD BOOK NUMBER
International Standard Book Number 0314028048
Qualifying information recycled, alk. paper
International Standard Book Number 9780314028044
Qualifying information (recycled, alk. paper)
035 ## - SYSTEM CONTROL NUMBER
System control number 4888284
040 ## - CATALOGING SOURCE
Original cataloging agency DLC
Transcribing agency DLC
Modifying agency DLC
050 00 - LIBRARY OF CONGRESS CALL NUMBER
Classification number LB2395
Item number .L59 1994
082 00 - DEWEY DECIMAL CLASSIFICATION NUMBER
Classification number 371.3/028
Edition number 20
100 1# - MAIN ENTRY--PERSONAL NAME
Personal name Longman, Debbie Guice.
245 10 - TITLE STATEMENT
Title Study methods and reading techniques /
Statement of responsibility, etc Debbie Guice Longman, Rhonda Holt Atkinson.
260 ## - PUBLICATION, DISTRIBUTION, ETC. (IMPRINT)
Place of publication, distribution, etc Minneapolis/St. Paul :
Name of publisher, distributor, etc West Pub. Co.,
Date of publication, distribution, etc c1994.
300 ## - PHYSICAL DESCRIPTION
Extent x, 358 p. :
Other physical details ill. ;
Dimensions 26 cm.
336 ## - CONTENT TYPE
Content type term text
Content type code txt
Source rdacontent
337 ## - MEDIA TYPE
Media type term unmediated
Media type code n
Source rdamedia
338 ## - CARRIER TYPE
Carrier type term volume
Carrier type code nc
Source rdacarrier
504 ## - BIBLIOGRAPHY, ETC. NOTE
Bibliography, etc Includes bibliographical references and index.
650 #0 - SUBJECT ADDED ENTRY--TOPICAL TERM
Topical term or geographic name as entry element Study skills.
Topical term or geographic name as entry element Reading (Higher education)
Topical term or geographic name as entry element Test-taking skills.
700 1# - ADDED ENTRY--PERSONAL NAME
Personal name Atkinson, Rhonda Holt.
906 ## - LOCAL DATA ELEMENT F, LDF (RLIN)
a 7
b cbc
c orignew
d 1
e ocip
f 19
g y-gencatlg
942 ## - ADDED ENTRY ELEMENTS (KOHA)
Source of classification or shelving scheme Library of Congress Classification
Koha item type Long Loan Books
Holdings
Withdrawn status Lost status Source of classification or shelving scheme Damaged status Not for loan Collection code Home library Current library Shelving location Date acquired Source of acquisition Total Checkouts Full call number Barcode Date last seen Price effective from Koha item type
    Library of Congress Classification     Non-fiction Rongo University Library Rongo University Library General Stacks 30/01/2026 Books for Africa, Donation   LB2395 .L59 1994 20261261 30/01/2026 30/01/2026 Long Loan Books

© 2026 Rongo University
Contact us: librarian | system librarian | Rongo university